OECD reviews of foreign direct investment Lithuania

Salvato in:
Dettagli Bibliografici
Natura: Libro
Lingua:inglese
Pubblicazione: Paris OECD 2001
Serie:Finance and investment
Soggetti:
Tags: Aggiungi Tag
Nessun Tag, puoi essere il primo ad aggiungerne!!

MARC

LEADER 00000nam a2200000 4500
001 c129595
005 20240315121046.3
020 |a 92-64-17664-0 
041 0 |a eng 
044 |a FR 
245 1 0 |a OECD reviews of foreign direct investment  |b Lithuania 
264 1 |a Paris  |b OECD  |c 2001 
300 |a 85 s. 
490 1 |a Finance and investment 
830 0 |a Finance and investment 
610 2 0 |a investície priame zahraničné 
610 2 0 |a politika hospodárska 
610 2 0 |a distribúcia 
610 2 0 |a údaje štatistické 
610 2 0 |a ochrana investícií 
610 2 0 |a politika finančná 
610 2 0 |a porovnanie štatistické medzinárodné 
610 2 0 |a produkt domáci hrubý 
610 2 0 |a privatizácia 
610 2 0 |a doprava 
610 2 0 |a bankovníctvo 
610 2 0 |a výroba 
610 2 0 |a Litva